[Event "World Youth Open U16 2016"]
[Site "Khanty-Mansiysk RUS"]
[Date "2016.10.03"]
[Round "11.6"]
[White "Lobanov, Sergei"]
[Black "Tabatabaei, M.amin"]
[Result "1/2-1/2"]
[BlackTitle "IM"]
[WhiteElo "2432"]
[BlackElo "2493"]
[WhiteFideId "24183750"]
[BlackFideId "12521213"]
[EventDate "2016.09.22"]

1. e4 e6 2. d4 d5 3. Nc3 Nf6 4. e5 Nfd7 5. f4 c5 6. Nf3 Be7 7. Be3 b6 8. Qd2 Nc6
9. Bb5 Ndb8 10. f5 a6 11. Bxc6+ Nxc6 12. O-O cxd4 13. Nxd4 Nxe5 14. fxe6 fxe6
15. Qe2 Qd7 16. Qh5+ Ng6 17. Rae1 Qd6 18. Kh1 Bd7 19. Bf4 Qc5 20. Nxe6 Bxe6 21.
Rxe6 O-O 22. Nxd5 Bf6 23. g3 Nxf4 24. gxf4 Rad8 1/2-1/2

[Event "World Youth Open U16 2016"]
[Site "Khanty-Mansiysk RUS"]
[Date "2016.10.03"]
[Round "11.7"]
[White "Makhnyov, Denis"]
[Black "Raghunandan, Kaumandur Srihari"]
[Result "0-1"]
[WhiteTitle "FM"]
[BlackTitle "FM"]
[WhiteElo "2375"]
[BlackElo "2451"]
[WhiteFideId "13707647"]
[BlackFideId "25004964"]
[EventDate "2016.09.22"]

1. Nf3 d5 2. d4 Nf6 3. c4 c6 4. e3 e6 5. Nbd2 c5 6. dxc5 Bxc5 7. a3 a5 8. b3 Nc6
9. cxd5 exd5 10. Bb2 O-O 11. Qc2 Ba7 12. Bd3 d4 13. e4 Ng4 14. h3 Nge5 15. Nxe5
Nxe5 16. Nc4 Ng6 17. Bc1 b5 18. Nb2 Bb7 19. O-O Rc8 20. Qd2 Re8 21. Re1 Qd6 22.
a4 Bb8 23. g3 f5 24. Bxb5 Rxe4 25. Rxe4 fxe4 26. Nc4 Qf6 27. Bb2 Ne5 28. Nxe5
Bxe5 29. Ra2 e3 30. fxe3 Qg5 0-1

[Event "World Youth Open U16 2016"]
[Site "Khanty-Mansiysk RUS"]
[Date "2016.10.03"]
[Round "11.8"]
[White "Elistratov, Semen"]
[Black "Moroni, Luca Jr"]
[Result "1/2-1/2"]
[WhiteTitle "FM"]
[BlackTitle "FM"]
[WhiteElo "2371"]
[BlackElo "2459"]
[WhiteFideId "24134325"]
[BlackFideId "865834"]
[EventDate "2016.09.22"]

1. Nf3 d5 2. g3 Nf6 3. Bg2 e6 4. c4 dxc4 5. O-O a6 6. Qc2 b5 7. Ne1 Nd5 8. d3
cxd3 9. Nxd3 Bb7 10. Nd2 Nd7 11. Nb3 c5 12. e4 c4 13. exd5 cxd3 14. Qxd3 Nb6 15.
Qe2 Nxd5 16. Bd2 Rc8 17. Rac1 Be7 18. Ba5 Qd7 19. Rxc8+ Qxc8 20. Rd1 Qa8 21. Nd4
O-O 22. Nxe6 fxe6 23. Qxe6+ Kh8 24. Bxd5 Bc5 25. Be1 Qa7 26. Bxb7 Qxb7 27. Rd5
Qa7 28. Rf5 Rd8 29. Rf7 Qa8 30. Qg4 Bd4 31. Ba5 Rc8 32. Bc3 Be5 33. Ra7 Qb8 34.
Rxa6 Bxc3 35. bxc3 Rxc3 36. Qe4 Rc8 37. Re6 Rf8 38. Qe5 Qa7 39. Qe2 Qc5 40. Re8
Qc1+ 41. Qe1 Qxe1+ 42. Rxe1 Ra8 43. Re2 Kg8 44. Kg2 Ra3 45. Kh3 Kf7 46. Kg4 Kf6
47. Kf4 Ra4+ 48. Ke3 h5 49. Rb2 g5 50. Kf3 1/2-1/2

[Event "World Youth Open U16 2016"]
[Site "Khanty-Mansiysk RUS"]
[Date "2016.10.03"]
[Round "11.9"]
[White "Pultinevicius, Paulius"]
[Black "Fawzy, Adham"]
[Result "1-0"]
[BlackTitle "IM"]
[WhiteElo "2351"]
[BlackElo "2451"]
[WhiteFideId "12809390"]
[BlackFideId "10613129"]
[EventDate "2016.09.22"]

1. c4 Nf6 2. Nc3 e6 3. e4 e5 4. f4 d6 5. Nf3 Bg4 6. Be2 Nc6 7. d3 Be7 8. Be3
exf4 9. Bxf4 O-O 10. O-O Bxf3 11. Bxf3 Nd4 12. Be3 c5 13. Kh1 Nd7 14. Qd2 Bf6
15. Bg4 Ne5 16. Bh3 Nec6 17. Nd5 Be5 18. g4 Rb8 19. g5 b5 20. b3 a5 21. Qg2 Kh8
22. Qg4 bxc4 23. dxc4 a4 24. Rab1 Qa5 25. Rf2 axb3 26. axb3 Nxb3 27. Qh4 Qa7 28.
Bf5 g6 29. Nf6 Bxf6 30. gxf6 Nbd4 31. Rg1 Ne5 32. Bxd4 cxd4 33. Qh6 Rg8 34. Rf4 1-0

[Event "World Youth Open U16 2016"]
[Site "Khanty-Mansiysk RUS"]
[Date "2016.10.03"]
[Round "11.10"]
[White "Agmanov, Zhandos"]
[Black "Sorokin, Aleksey"]
[Result "1-0"]
[WhiteTitle "FM"]
[BlackTitle "FM"]
[WhiteElo "2316"]
[BlackElo "2437"]
[WhiteFideId "13708309"]
[BlackFideId "24176460"]
[EventDate "2016.09.22"]

1. e4 c6 2. d4 d5 3. e5 Bf5 4. h4 h5 5. Bd3 Bxd3 6. Qxd3 e6 7. Bg5 Qb6 8. Nd2
Qa6 9. c4 Bb4 10. b3 Ne7 11. Ne2 Nd7 12. O-O Rd8 13. Nf3 Ba3 14. Qc2 Rc8 15. Ng3
b6 16. Rfd1 g6 17. Re1 Nf5 18. Nxf5 gxf5 19. Rad1 Rg8 20. Qe2 Nf8 21. Rb1 Bb4
22. Rec1 Ng6 23. Rc2 f4 24. Bf6 Be7 25. Ng5 dxc4 26. bxc4 Rd8 27. Rd1 Qa4 28.
Rcd2 Qa6 29. Qxh5 Bxf6 30. exf6 Rh8 31. Qe2 Rxh4 32. d5 cxd5 33. Nxe6 f3 34.
Ng7+ Kd7 35. Rxd5+ Kc7 36. Ne8+ Kb7 37. Rxd8 1-0

[Event "World Youth Open U16 2016"]
[Site "Khanty-Mansiysk RUS"]
[Date "2016.10.03"]
[Round "11.11"]
[White "Urban, Konstantin"]
[Black "Gazik, Viktor"]
[Result "1/2-1/2"]
[BlackTitle "FM"]
[WhiteElo "2361"]
[BlackElo "2429"]
[WhiteFideId "12927511"]
[BlackFideId "14928752"]
[EventDate "2016.09.22"]

1. e4 Nf6 2. e5 Nd5 3. d4 Nb6 4. c4 d6 5. exd6 exd6 6. Nc3 Nc6 7. Be3 Be7 8. Bd3
O-O 9. b3 Re8 10. Nge2 Bf6 11. O-O Bg4 12. h3 Bh5 13. Qd2 Bg6 14. Rfe1 Qd7 15.
Bxg6 hxg6 16. Nf4 Ne7 17. a4 a5 18. Rad1 Nf5 19. Nfd5 Nxd5 20. Nxd5 Re4 21. f3
Rxe3 22. Nxf6+ gxf6 23. Rxe3 Nxe3 24. Qxe3 Re8 25. Qd2 b6 26. Re1 Rxe1+ 27. Qxe1
d5 28. Qc3 dxc4 29. Qxc4 f5 30. d5 Qd6 31. Kf2 Qe5 32. f4 Qe7 33. Kf3 Kf8 34.
Qd4 f6 35. g4 fxg4+ 36. hxg4 Kf7 37. Qc4 Qd6 38. Qe4 Qd7 1/2-1/2

[Event "World Youth Open U16 2016"]
[Site "Khanty-Mansiysk RUS"]
[Date "2016.10.03"]
[Round "11.12"]
[White "Nguyen, Dang Hong Phuc"]
[Black "Saydaliev, Saidakbar"]
[Result "0-1"]
[WhiteElo "2209"]
[BlackElo "2403"]
[WhiteFideId "12402761"]
[BlackFideId "14203693"]
[EventDate "2016.09.22"]

1. d4 Nf6 2. Nf3 e6 3. c4 d5 4. g3 Be7 5. Bg2 O-O 6. O-O dxc4 7. Qc2 a6 8. Qxc4
b5 9. Qc2 Bb7 10. Bd2 Be4 11. Qc1 c6 12. Be3 Nbd7 13. Nc3 Bg6 14. Bf4 Rc8 15.
Rd1 Qb6 16. Ne5 Nxe5 17. Bxe5 Rfd8 18. e4 Ng4 19. Qf4 Nxe5 20. dxe5 Bc5 21. Ne2
Rxd1+ 22. Rxd1 Rd8 23. Rc1 Bb4 24. Nc3 Bc5 25. Rc2 b4 26. Ne2 Rd1+ 27. Bf1 h6
28. Qf3 Qb5 29. b3 Bd4 30. Rc4 Qxe5 31. Nf4 Rd2 32. Nd3 Qd6 33. Nxb4 Bxf2+ 34.
Kh1 c5 35. Nd3 Bd4 36. Nf4 Rf2 37. Qxf2 Bxf2 38. Nxg6 fxg6 39. Ra4 Bd4 40. Bxa6
Qf8 41. Kg2 Qf2+ 42. Kh3 g5 43. Bc4 h5 44. Bxe6+ Kh7 45. Bf5+ g6 0-1

[Event "World Youth Open U16 2016"]
[Site "Khanty-Mansiysk RUS"]
[Date "2016.10.03"]
[Round "11.13"]
[White "Nikitenko, Mihail"]
[Black "Hilby, Craig"]
[Result "0-1"]
[BlackTitle "FM"]
[WhiteElo "2399"]
[BlackElo "2319"]
[WhiteFideId "13506862"]
[BlackFideId "2062674"]
[EventDate "2016.09.22"]

1. e4 g6 2. d4 Bg7 3. Nc3 d6 4. Be3 a6 5. Qd2 b5 6. h4 h6 7. Bd3 Bb7 8. a4 b4 9.
Nce2 a5 10. Ng3 e6 11. f4 c5 12. dxc5 Bxb2 13. Bd4 Bxd4 14. Bb5+ Nc6 15. Qxd4
Qf6 16. e5 dxe5 17. Qd6 Ne7 18. fxe5 Qf4 19. N1e2 Qe3 20. Qc7 O-O 21. Bxc6 Bxc6
22. Qxe7 Bxg2 23. Rg1 Qxe5 24. Rd1 Bc6 25. Qd6 Qxd6 26. Rxd6 Bxa4 27. Kd2 Rfc8
28. Ne4 Bc6 29. Nf6+ Kg7 30. Nh5+ Kf8 31. Nhf4 Bb5 32. Nd4 Rxc5 33. Ndxe6+ fxe6
34. Rxg6 Kf7 35. Rgxe6 Rf5 36. Ng6 Re8 37. Rxe8 Bxe8 38. Kd3 Rf6 39. Ne5+ Ke7
40. Rxf6 Kxf6 41. Ng4+ Kg6 42. c4 a4 43. Kc2 a3 44. c5 Kf5 45. Nxh6+ Ke5 46. Kb3
Kd5 47. Ng4 Kxc5 48. Nf2 Bf7+ 49. Kc2 b3+ 0-1

[Event "World Youth Open U16 2016"]
[Site "Khanty-Mansiysk RUS"]
[Date "2016.10.03"]
[Round "11.14"]
[White "Ozen, Bahadir"]
[Black "Lodici, Lorenzo"]
[Result "1-0"]
[WhiteTitle "FM"]
[BlackTitle "FM"]
[WhiteElo "2304"]
[BlackElo "2359"]
[WhiteFideId "6337058"]
[BlackFideId "884189"]
[EventDate "2016.09.22"]

1. g3 e5 2. Bg2 d5 3. d3 Nc6 4. a3 f5 5. b4 Nf6 6. Bb2 Bd6 7. Nd2 a5 8. b5 Nb8
9. Ngf3 Nbd7 10. O-O c6 11. e4 fxe4 12. dxe4 d4 13. c3 c5 14. Qb3 Qe7 15. Rfe1
a4 16. Qa2 Bc7 17. Rac1 Nb6 18. cxd4 cxd4 19. Ng5 Bd6 20. Bxd4 exd4 21. e5 Bxe5
22. f4 Ng4 23. Ndf3 Ne3 24. Nxe5 Bf5 25. g4 1-0

[Event "World Youth Open U16 2016"]
[Site "Khanty-Mansiysk RUS"]
[Date "2016.10.03"]
[Round "11.15"]
[White "Janik, Igor"]
[Black "Lintner, Igor"]
[Result "1/2-1/2"]
[WhiteTitle "FM"]
[WhiteElo "2322"]
[BlackElo "2065"]
[WhiteFideId "1159259"]
[BlackFideId "14932970"]
[EventDate "2016.09.22"]

1. e4 c5 2. Nf3 e6 3. d4 cxd4 4. Nxd4 a6 5. c4 b6 6. Nc3 Bb7 7. Be2 d6 8. O-O
Nf6 9. f3 Be7 10. Be3 O-O 11. Qd2 Nbd7 12. a4 Rc8 13. a5 Ne5 14. axb6 Nxc4 15.
Bxc4 Rxc4 16. Nb3 Rb4 17. Na5 Ba8 18. Rfc1 d5 19. exd5 Nxd5 20. Nxd5 Bxd5 21.
Qf2 Bd6 22. Nc6 Bxc6 23. Rxc6 Be5 24. Rb1 Qd3 25. Rc2 h6 26. Qe1 Rb8 27. Rd2 Qb5
28. Re2 Bf6 29. Qg3 Be5 30. Qf2 Bf6 1/2-1/2

[Event "World Youth Open U16 2016"]
[Site "Khanty-Mansiysk RUS"]
[Date "2016.10.03"]
[Round "11.16"]
[White "Yordanov, Lachezar"]
[Black "Mustafin, Andrey"]
[Result "1/2-1/2"]
[BlackTitle "FM"]
[WhiteElo "2300"]
[BlackElo "2242"]
[WhiteFideId "2918927"]
[BlackFideId "13406744"]
[EventDate "2016.09.22"]

1. d4 Nf6 2. c4 g6 3. Nc3 Bg7 4. e4 d6 5. f4 O-O 6. Nf3 e5 7. dxe5 dxe5 8. Qxd8
Rxd8 9. fxe5 Ng4 10. Be2 Nxe5 11. Nxe5 Bxe5 12. O-O c6 13. Be3 Re8 14. Rad1 Nd7
15. Bd4 Bxd4+ 16. Rxd4 Ne5 17. Rfd1 Be6 18. b3 Kf8 19. Kf2 Ke7 20. Ke3 h5 21. h4
Rg8 22. Rh1 Rgd8 23. Rxd8 Rxd8 24. Rd1 Rg8 25. Rh1 Bg4 26. Bf3 Rd8 27. Rd1 Rxd1
28. Nxd1 Kd6 29. Nb2 a5 30. a3 Be6 1/2-1/2

[Event "World Youth Open U16 2016"]
[Site "Khanty-Mansiysk RUS"]
[Date "2016.10.03"]
[Round "11.17"]
[White "Koziol, Kamil"]
[Black "Askerov, Marat"]
[Result "1/2-1/2"]
[BlackTitle "FM"]
[WhiteElo "2212"]
[BlackElo "2299"]
[WhiteFideId "1161555"]
[BlackFideId "24175200"]
[EventDate "2016.09.22"]

1. e4 e6 2. d4 d5 3. Nc3 Nf6 4. e5 Nfd7 5. f4 c5 6. Nf3 Nc6 7. Be3 Be7 8. Qd2
O-O 9. Be2 a6 10. O-O b5 11. a3 Qc7 12. Bf2 Bb7 13. Nd1 cxd4 14. Nxd4 Rac8 15.
Bd3 Nc5 16. b4 Ne4 17. Bxe4 dxe4 18. c3 g5 19. Nxc6 Qxc6 20. fxg5 Rcd8 21. Qe2
e3 22. Bxe3 Kh8 23. Qg4 a5 24. Rf3 Rd3 25. Rh3 Rfd8 26. Nf2 Rxc3 27. g6 Rxe3 28.
Rxh7+ Kg8 29. Rh8+ Kg7 30. Rh7+ Kg8 1/2-1/2

[Event "World Youth Open U16 2016"]
[Site "Khanty-Mansiysk RUS"]
[Date "2016.10.03"]
[Round "11.18"]
[White "Turar, Dastan"]
[Black "Zhu, Yi"]
[Result "1-0"]
[BlackTitle "FM"]
[WhiteElo "2205"]
[BlackElo "2296"]
[WhiteFideId "13707639"]
[BlackFideId "8607435"]
[EventDate "2016.09.22"]

1. d4 Nf6 2. c4 g6 3. Nc3 d6 4. e4 Bg7 5. Nf3 O-O 6. h3 c6 7. Be2 e5 8. d5 cxd5
9. cxd5 Nbd7 10. Be3 Nc5 11. Nd2 a5 12. a4 b6 13. O-O Rb8 14. Rb1 Ne8 15. b4
axb4 16. Rxb4 f5 17. a5 Nd7 18. Qb1 Qc7 19. Nb5 Qb7 20. Bxb6 Nxb6 21. Nxd6 Qe7
22. Nxe8 Rxe8 23. Rxb6 1-0

[Event "World Youth Open U16 2016"]
[Site "Khanty-Mansiysk RUS"]
[Date "2016.10.03"]
[Round "11.19"]
[White "Banzea, Alexandru-Bogdan"]
[Black "Stabulnieks, Klavs"]
[Result "1-0"]
[WhiteTitle "FM"]
[WhiteElo "2284"]
[BlackElo "2069"]
[WhiteFideId "1232622"]
[BlackFideId "11603984"]
[EventDate "2016.09.22"]

1. e4 c5 2. Nf3 e6 3. d4 cxd4 4. Nxd4 a6 5. c4 Nf6 6. Nc3 Bb4 7. Qd3 d6 8. Nc2
Bxc3+ 9. Qxc3 O-O 10. f3 Qc7 11. Bf4 Nbd7 12. Rd1 Ne5 13. c5 Nh5 14. Rxd6 Nxf4
15. Qxe5 Ng6 16. Qc3 Rd8 17. Qd2 Bd7 18. b4 a5 19. a3 axb4 20. axb4 Ba4 21. Ne3
b6 22. Kf2 bxc5 23. bxc5 Rdc8 24. Ba6 Rcb8 25. Rc1 Bc6 26. Bf1 h6 27. Kg1 Ne5
28. Qd4 Nd7 29. e5 Ra4 30. Qc3 Ra2 31. Bc4 Rab2 32. Qd4 Rb1 33. Rxb1 Rxb1+ 34.
Kf2 Rb4 35. Rxe6 fxe6 36. Bxe6+ Kh8 37. Qxb4 1-0

[Event "World Youth Open U16 2016"]
[Site "Khanty-Mansiysk RUS"]
[Date "2016.10.03"]
[Round "11.20"]
[White "Nurzhanov, Timur"]
[Black "Roshka, Yevgeniy"]
[Result "1/2-1/2"]
[WhiteElo "2087"]
[BlackElo "2275"]
[WhiteFideId "13709780"]
[BlackFideId "14129558"]
[EventDate "2016.09.22"]

1. d4 Nf6 2. c4 e6 3. Nc3 Bb4 4. g3 Nc6 5. Nf3 Qe7 6. Bg2 d6 7. Qc2 O-O 8. O-O
e5 9. d5 Nd4 10. Nxd4 exd4 11. Nb5 Bc5 12. Qd3 Re8 13. Bf3 Ng4 14. Qd1 Ne5 15.
Bg2 Nxc4 16. Nxd4 Bg4 17. Qc2 Nb6 18. e3 Bxd4 19. exd4 Qf6 20. Be3 Re7 21. a4 a5
22. b4 Bf3 23. Bg5 Qxg5 24. Bxf3 Nxd5 25. bxa5 Rxa5 26. Rfe1 g6 27. Qb3 c6 28.
Rab1 Rd7 29. Re8+ Kg7 30. Rb8 Nf6 31. Re1 Qd2 32. Rd1 Qg5 33. Rxb7 Rxb7 34. Qxb7
Rxa4 35. Qxc6 Ra3 36. Bg2 Qg4 37. Qc2 Ra2 38. Qd3 Qe6 39. Bf3 Rb2 40. Rc1 Rb3
41. Qe2 Qxe2 42. Bxe2 Rb2 1/2-1/2

[Event "World Youth Open U16 2016"]
[Site "Khanty-Mansiysk RUS"]
[Date "2016.10.03"]
[Round "11.21"]
[White "Donoso Diaz, Sebastian"]
[Black "Mesaros, Florian"]
[Result "0-1"]
[WhiteTitle "FM"]
[BlackTitle "FM"]
[WhiteElo "2005"]
[BlackElo "2321"]
[WhiteFideId "3416097"]
[BlackFideId "1629220"]
[EventDate "2016.09.22"]

1. e4 e5 2. Nf3 Nc6 3. Bc4 Nf6 4. Ng5 d5 5. exd5 Na5 6. Bb5+ c6 7. dxc6 bxc6 8.
Bd3 Nd5 9. h4 Qc7 10. Nc3 h6 11. Nxd5 cxd5 12. Qh5 g6 13. Bxg6 hxg5 14. Qxh8
fxg6 15. hxg5 Bf5 16. Qf6 Qd6 17. Qxd6 Bxd6 18. Rh8+ Bf8 19. b3 O-O-O 20. Bb2
Nc6 21. Rh7 d4 22. c3 d3 23. b4 Rd7 24. Rh8 Rd8 25. Rh7 Rd7 26. Rh8 Rd8 27.
O-O-O Be7 28. Rxd8+ Bxd8 29. Re1 Bxg5 30. g4 Be6 31. b5 Na5 32. Rxe5 Bxd2+ 33.
Kb1 Bxg4 34. Rd5 Bf5 35. Bc1 Bxc3 0-1

[Event "World Youth Open U16 2016"]
[Site "Khanty-Mansiysk RUS"]
[Date "2016.10.03"]
[Round "11.22"]
[White "Laurent-Paoli, Pierre"]
[Black "German, Nikita"]
[Result "1/2-1/2"]
[WhiteTitle "FM"]
[WhiteElo "2305"]
[BlackElo "2106"]
[WhiteFideId "26017962"]
[BlackFideId "24175501"]
[EventDate "2016.09.22"]

1. e4 c5 2. Na3 Nc6 3. Bb5 g6 4. d3 Bg7 5. c3 d6 6. Bxc6+ bxc6 7. Qa4 Qc7 8. f4
Nf6 9. Nf3 O-O 10. O-O Rb8 11. h3 Nd7 12. Rf2 Nb6 13. Qa5 Qb7 14. e5 Bf5 15. d4
cxd4 16. cxd4 Rfc8 17. Bd2 Nd5 18. Nc4 Qd7 19. Qa3 c5 20. dxc5 dxc5 21. Be3 Nb4
22. Ne1 Qb7 23. Qc3 Qa6 24. b3 Nd5 25. Qb2 Nb4 26. Rd1 Be6 27. Rc1 Rd8 28. Qe2
Rbc8 29. Kh2 Bf5 30. Qb2 Nd5 31. Rd1 Nxe3 32. Rxd8+ Rxd8 33. Nxe3 Be4 34. Qc3
Qb5 35. Rd2 Rxd2 36. Qxd2 Qb4 1/2-1/2

[Event "World Youth Open U16 2016"]
[Site "Khanty-Mansiysk RUS"]
[Date "2016.10.03"]
[Round "11.23"]
[White "Tiglon, Bryce"]
[Black "Mohammad, Fahim"]
[Result "1-0"]
[WhiteTitle "FM"]
[WhiteElo "2292"]
[BlackElo "2090"]
[WhiteFideId "2087456"]
[BlackFideId "10206248"]
[EventDate "2016.09.22"]

1. e4 c5 2. Nf3 Nc6 3. d4 cxd4 4. Nxd4 Qb6 5. Nb3 Nf6 6. Nc3 e6 7. Be3 Qc7 8. a3
Be7 9. f4 O-O 10. Qf3 d5 11. O-O-O dxe4 12. Nxe4 Nxe4 13. Qxe4 Bf6 14. g4 g6 15.
Bg2 Bd7 16. Nc5 Be8 17. f5 exf5 18. gxf5 Rc8 19. Bh6 Ne7 20. Bxf8 Kxf8 21. Nb3
Nxf5 22. Rhe1 Bc6 23. Qb4+ Be7 24. Qc3 Qf4+ 25. Kb1 Kg8 26. Bxc6 bxc6 27. Rd7
Bh4 28. Red1 c5 29. Nxc5 Qxh2 30. Ne6 Qb8 31. Rc7 Re8 32. Rdd7 Rxe6 33. Rc8+ 1-0

[Event "World Youth Open U16 2016"]
[Site "Khanty-Mansiysk RUS"]
[Date "2016.10.03"]
[Round "11.24"]
[White "Mitrabha, Guha"]
[Black "Garbowski, Jakub"]
[Result "1-0"]
[WhiteTitle "FM"]
[WhiteElo "2286"]
[BlackElo "2030"]
[WhiteFideId "5057000"]
[BlackFideId "1164929"]
[EventDate "2016.09.22"]

1. d4 Nf6 2. Nf3 g6 3. c4 Bg7 4. Nc3 d5 5. Bf4 O-O 6. Rc1 dxc4 7. e3 Be6 8. Ng5
Bd5 9. e4 h6 10. exd5 hxg5 11. Bxg5 Nxd5 12. Bxc4 Nb6 13. Bb3 Nc6 14. d5 Nd4 15.
O-O Qd7 16. h4 Rfe8 17. Be3 Nxb3 18. Qxb3 Bxc3 19. Rxc3 Nxd5 20. Rd3 c6 21. h5
gxh5 22. Bd2 f6 23. Rg3+ Kf7 24. Qd3 Rf8 25. Bh6 Rh8 26. Qg6+ Ke6 27. Rd1 Qe8
28. Qe4+ Kd6 29. Bf4+ e5 30. Rg7 Rg8 31. Rxb7 exf4 32. Qb4+ c5 33. Qc4 Rg5 34.
b4 Rc8 35. Rxa7 Rc6 36. bxc5+ Rxc5 37. Ra6+ Rc6 38. Qb4+ Ke6 39. Qb5 Kd6 40. Rc1
Ne7 41. Qb4+ Kd7 42. Ra7+ Ke6 43. Rxe7+ Qxe7 44. Rxc6+ Kf7 45. Qxf4 Qe5 46. Qxe5
Rxe5 47. a4 Re2 48. Rc3 Ra2 49. Rc4 Kg6 50. g3 Kg5 51. Kg2 f5 52. Kf3 Ra3+ 53.
Kg2 Ra2 54. Rf4 Ra3 55. Kh2 Ra2 56. Kh3 Rb2 57. Kh2 Ra2 58. Kg2 Ra3 59. Rd4 Ra2
60. Rd6 h4 61. gxh4+ Kxh4 62. Rd4+ Kg5 63. Kg3 Ra1 64. Rb4 Ra3+ 65. f3 Ra2 66.
Rc4 Ra3 67. Rh4 1-0

[Event "World Youth Open U16 2016"]
[Site "Khanty-Mansiysk RUS"]
[Date "2016.10.03"]
[Round "11.25"]
[White "Villca, Julian"]
[Black "Svidersky, Nikita"]
[Result "1-0"]
[WhiteTitle "FM"]
[WhiteElo "2234"]
[BlackElo "1979"]
[WhiteFideId "134902"]
[BlackFideId "13513133"]
[EventDate "2016.09.22"]

1. c4 f5 2. g3 Nf6 3. Bg2 g6 4. b3 Bg7 5. Bb2 O-O 6. Nf3 d6 7. d4 Nc6 8. O-O e5
9. dxe5 Ng4 10. Nc3 Ngxe5 11. e3 h6 12. Nxe5 Nxe5 13. Qd2 Rb8 14. Rad1 b6 15.
Nb5 a6 16. Nd4 Bd7 17. Ne2 g5 18. f4 Ng4 19. Bxg7 Kxg7 20. e4 fxe4 21. h3 gxf4
22. Nxf4 e3 23. Nh5+ Kh8 24. Qd4+ Ne5 25. Rxf8+ Qxf8 26. Qxe3 Nf7 27. Rf1 Qe8
28. Qf4 Qe7 29. Qxf7 1-0

[Event "World Youth Open U16 2016"]
[Site "Khanty-Mansiysk RUS"]
[Date "2016.10.03"]
[Round "11.26"]
[White "Trubchaninov, Timur"]
[Black "Voinikonis, Nikita"]
[Result "1-0"]
[WhiteElo "2233"]
[BlackElo "2055"]
[WhiteFideId "24176931"]
[BlackFideId "34187500"]
[EventDate "2016.09.22"]

1. e4 c5 2. Nf3 d6 3. d4 cxd4 4. Nxd4 Nf6 5. Nc3 a6 6. h3 e5 7. Nde2 h5 8. Bg5
Be7 9. g3 Nbd7 10. a4 b6 11. Bg2 Bb7 12. O-O Rc8 13. Nc1 Rxc3 14. bxc3 Nxe4 15.
Bxe7 Qxe7 16. Qe1 Ndf6 17. Qe3 O-O 18. Ne2 Nc5 19. Rfb1 Bxg2 20. Kxg2 Qc7 21. c4
Ncd7 22. Qd3 Rc8 23. Ra3 Nc5 24. Qf3 Ncd7 25. Rd1 Qc5 26. Rb3 Qc6 27. Nc3 e4 28.
Qe3 Kh7 29. Rb4 Nc5 30. Nd5 a5 31. Nxf6+ gxf6 32. Rb5 Kg6 33. Rd5 Rh8 34. Qf4
Qe8 35. Rxd6 Qe7 36. Rbxb6 Ne6 37. Qxe4+ Kg7 38. Rxe6 fxe6 39. Rb7 1-0

[Event "World Youth Open U16 2016"]
[Site "Khanty-Mansiysk RUS"]
[Date "2016.10.03"]
[Round "11.27"]
[White "Doluweera, Minul Sanjula"]
[Black "Mirzoyan, David"]
[Result "0-1"]
[WhiteTitle "CM"]
[BlackTitle "FM"]
[WhiteElo "2127"]
[BlackElo "2322"]
[WhiteFideId "9910760"]
[BlackFideId "13308386"]
[EventDate "2016.09.22"]

1. c4 c5 2. Nf3 Nf6 3. Nc3 e6 4. g3 b6 5. Bg2 Bb7 6. O-O Be7 7. d4 cxd4 8. Qxd4
d6 9. b3 O-O 10. Bb2 a6 11. Rfe1 Qc7 12. e4 Nbd7 13. h3 Rac8 14. Qd2 Rfe8 15.
Nd4 g6 16. Rad1 Qb8 17. g4 Nc5 18. g5 Nh5 19. Bf3 Ng7 20. h4 Rcd8 21. Nc2 f5 22.
gxf6 Bxf6 23. Ne3 Rf8 24. Ng4 Bxh4 25. Qh6 Nh5 26. Re3 e5 27. Nh2 Ne6 28. Bg4
Nef4 29. Nf3 Bf6 30. Ng5 Bxg5 31. Qxg5 Nf6 32. Nd5 Kh8 33. Bh3 Bc8 34. Bf1 Kg7 0-1

[Event "World Youth Open U16 2016"]
[Site "Khanty-Mansiysk RUS"]
[Date "2016.10.03"]
[Round "11.28"]
[White "Cadilhac, Igor Tokuichi Kikuchi"]
[Black "Zamar Kodelja, Jurij"]
[Result "1-0"]
[WhiteTitle "FM"]
[WhiteElo "2269"]
[BlackElo "2126"]
[WhiteFideId "2132150"]
[BlackFideId "14609649"]
[EventDate "2016.09.22"]

1. e4 g6 2. d4 Bg7 3. Nc3 d6 4. f4 a6 5. Nf3 Nd7 6. a4 e6 7. Be3 b6 8. Bc4 Ne7
9. d5 e5 10. fxe5 Nxe5 11. Nxe5 Bxe5 12. O-O Qd7 13. Bd4 O-O 14. Qd2 Kg7 15. Ne2
Ng8 16. Nf4 Qe7 17. Rae1 Bd7 18. Bb3 b5 19. a5 Rae8 20. c3 Nf6 21. Bc2 h6 22. h3
Bc8 23. Qe3 Bb7 24. Bxe5 Qxe5 25. Qa7 Rb8 26. Nd3 Qg5 27. Qd4 Rbe8 28. h4 Qxh4
29. Rf4 Qg3 30. Ref1 c5 31. dxc6 Bxc6 32. Rxf6 Kg8 33. Nb4 Bd7 34. Rxd6 1-0

[Event "World Youth Open U16 2016"]
[Site "Khanty-Mansiysk RUS"]
[Date "2016.10.03"]
[Round "11.29"]
[White "Riess, Alexander"]
[Black "Sezdbekov, Arzybek"]
[Result "1-0"]
[WhiteTitle "FM"]
[WhiteElo "2227"]
[BlackElo "1861"]
[WhiteFideId "12953326"]
[BlackFideId "13802046"]
[EventDate "2016.09.22"]

1. d4 Nf6 2. c4 e5 3. dxe5 Ng4 4. Bf4 Nc6 5. Nf3 Bb4+ 6. Nbd2 Qe7 7. e3 Ngxe5 8.
Nxe5 Nxe5 9. Be2 O-O 10. O-O Bxd2 11. Qxd2 d6 12. b4 Ng6 13. Bg3 a5 14. bxa5 Qg5
15. Qd5 Rxa5 16. Qxg5 Rxg5 17. c5 Rxc5 18. Rfc1 Rxc1+ 19. Rxc1 c6 20. Bxd6 Rd8
21. Bb4 Be6 22. a4 f5 23. g3 Ne5 24. Bc3 Nd7 25. Rd1 Kf7 26. a5 Ra8 27. Rd6 Ke7
28. Rd2 g6 29. Rb2 Ra7 30. f3 Bd5 31. Kf2 c5 32. Bb5 Nb8 33. e4 fxe4 34. fxe4
Bc6 35. Bc4 Nd7 36. Ke3 Nf6 37. Bd3 Ne8 38. Rb6 Nc7 39. Bc4 Kd7 40. Rb2 Ra8 41.
Rd2+ Ke7 42. Rf2 Rf8 43. Rxf8 Kxf8 44. Kf4 Ke7 45. Ke5 Nb5 46. Bd2 Nd6 47. Bg5+
Kd7 48. Be6+ Kc7 49. Bd5 Nb5 50. Bf4 Bd7 51. Kf6+ Kc8 52. e5 Nc7 53. Bc4 Ne8+
54. Ke7 Ng7 55. e6 Bc6 56. Kf7 Ne8 57. e7 Bd7 58. a6 Bc6 1-0